000 00484nam a2200181Ia 4500
005 20250326124108.0
008 250326s9999 xx 000 0 und d
037 _aTextbook
040 _aFMSL
_beng
_cFMSL
041 _aeng
_2eng
084 _aX:5 L5
_qFMSL
100 _aKenen P B
245 0 _aInternational trade and fice
_cKenen P B
260 _aLondon
_bLondon, Cambridge University
_c1975
300 _a539p
942 _cTB
_hX:5 L5
999 _c1272261
_d1272261